000 00887nmm a2200277 a 4500
001 ocm000582423
003 TR-IsHL
005 20201028120456.0
008 130625s2012 tu tur
007 cr cn
020 _a9786055278007
035 _a582423
_b(N$T)
050 0 4 _aHD2746
_b.Ç34 2012
090 0 4 _aHD2746
_b.Ç34 2012
100 1 _aÇağlar, Hayati
245 1 0 _aUmuda uyanış: bir şirketin değişim hikayesi
_h[electronic resource] /
_cHayati Çağlar
250 _a1.bs.
260 _aİstanbul :
_bToplumsal Yayıncılık,
_c2012
300 _a240 p.
650 4 _aEkonomi ve Finans
650 4 _aEconomics and Finance
650 0 _aŞirketler
650 0 _aCorparations
650 7 _aBUSINESS & ECONOMICS / Corporate & Business History
_2bisacsh
856 4 0 _uhttp://search.ebscohost.com/login.aspx?direct=true&scope=site&db=e011xww&AN=582423
999 _c806
_d806